00278nam a2200085 4500008004100000040005500041100002200096245006500118260000900183240802b |||||||| |||| 00| 0 eng d aNational Science LibrarycNational Science Library aCarranza, Roque G aAplicaciones del algebra moderna a la inferencia estadistica b1962